| 000 | 00452nam a2200181Ia 4500 | ||
|---|---|---|---|
| 008 | 170918s9999 xx 000 0 und d | ||
| 020 | _a9780740769221 | ||
| 050 | _bC752 2007 | ||
| 100 | _aConley, Darby | ||
| 245 | _aI'm ready for my movie contract / | ||
| 245 | _cby Darby Conley. | ||
| 260 | _aMissouri : | ||
| 260 | _bAndrews McMeel Publishing, | ||
| 260 | _c2007 | ||
| 300 | _a128 pages : | ||
| 300 | _billustrations ; | ||
| 300 | _c22cm. | ||
| 999 |
_c343740 _d343740 |
||